Statistics for Flags of Countries in the World Cup of 1982

Click here to take the quiz!

General Stats

  • This quiz has been taken 99 times
  • The average score is 22 of 24

Answer Stats

Answer% Correct
Italy
99%
Argentina
97%
Belgium
97%
Brazil
97%
England
97%
France
97%
New Zealand
97%
Poland
97%
Spain
97%
Austria
96%
Chile
96%
Algeria
95%
Scotland
95%
West Germany
95%
Soviet Union
92%
Yugoslavia
92%
Czechoslovakia
91%
Hungary
91%
Peru
90%
Cameroon
88%
Honduras
88%
El Salvador
87%
Northern Ireland
83%
Kuwait
82%

Score Distribution

Percentile by Number Answered

Percent of People with Each Score

Your Score History

You have not taken this quiz